Ikatan etnik dan kelas di Malaysia

Bibliographic Details
Main Author: Sanusi Osman
Format: Book
Published: Bangi : Penerbit UKM , 1989
Subjects:

MARC

LEADER 00000cam a2200000 7i4500
001 0000004637
002 000005000
005 20081105.0
020 |a 9679421465 
090 0 0 |a 305.809595   |b SAN 
100 0 |a Sanusi Osman 
245 1 0 |a Ikatan etnik dan kelas di Malaysia   |c Sanusi Osman 
260 |a Bangi :   |b Penerbit UKM ,   |c 1989 
300 |a 146p. ;   |c 23 cm. 
650 0 0 |a Ethnic groups   |z Malaysia 
650 0 0 |a Etnic relation 
999 |a 034752   |b BUKU   |c MALAYSIANA   |e PERPUSTAKAAN KOMUNITI PETALING JAYA 
999 |a 034753   |b BUKU   |c PINJAMAN   |e PERPUSTAKAAN KOMUNITI PETALING JAYA